000 00375nam a2200157Ia 4500
008 160316s1998 xxu||||| |||| 00| 0 eng d
082 _a340.092000
_bROW-2
100 _aRow Sanjeeva
245 _aThe advocates act, 1961
250 _a6th
260 _aAllahabad
_bLaw Book Co.
_c1998
300 _a686p
_b
_c
365 _b525/-
650 _a1.Biographies
700 _a
_a
999 _c12544
_d12544